The subject of modernity / (Record no. 2239)

000 -LEADER
fixed length control field 01331cam a2200337 a 4500
001 - CONTROL NUMBER
control field 2013858
003 - CONTROL NUMBER IDENTIFIER
control field OSt
005 - DATE AND TIME OF LATEST TRANSACTION
control field 20160702154654.0
008 - FIXED-LENGTH DATA ELEMENTS--GENERAL INFORMATION
fixed length control field 910312s1992 enk b 001 0 eng
010 ## - LIBRARY OF CONGRESS CONTROL NUMBER
LC control number 91012689
020 ## - INTERNATIONAL STANDARD BOOK NUMBER
International Standard Book Number 0521412870 (hardback)
020 ## - INTERNATIONAL STANDARD BOOK NUMBER
International Standard Book Number 0521423783 (paperback)
040 ## - CATALOGING SOURCE
Original cataloging agency DLC
Transcribing agency DLC
Modifying agency DLC
050 00 - LIBRARY OF CONGRESS CALL NUMBER
Classification number B841.6.C37 1992
082 00 - DEWEY DECIMAL CLASSIFICATION NUMBER
Classification number 126
Edition number 20
100 1# - MAIN ENTRY--PERSONAL NAME
Personal name Cascardi, Anthony J.,
Dates associated with a name 1953-
245 14 - TITLE STATEMENT
Title The subject of modernity /
Statement of responsibility, etc Anthony J. Cascardi.
260 ## - PUBLICATION, DISTRIBUTION, ETC. (IMPRINT)
Place of publication, distribution, etc Cambridge [England] ;
-- New York :
Name of publisher, distributor, etc Cambridge University Press,
Date of publication, distribution, etc 1992.
300 ## - PHYSICAL DESCRIPTION
Extent x, 316 p. ;
Dimensions 23 cm.
440 #0 - SERIES STATEMENT/ADDED ENTRY--TITLE
Title Literature, culture, theory ;
Volume number/sequential designation 3
504 ## - BIBLIOGRAPHY, ETC. NOTE
Bibliography, etc Includes bibliographical references and index.
650 #0 - SUBJECT ADDED ENTRY--TOPICAL TERM
Topical term or geographic name as entry element Subjectivity.
650 #0 - SUBJECT ADDED ENTRY--TOPICAL TERM
Topical term or geographic name as entry element Philosophy, Modern.
650 #0 - SUBJECT ADDED ENTRY--TOPICAL TERM
Topical term or geographic name as entry element Civilization, Modern.
650 #0 - SUBJECT ADDED ENTRY--TOPICAL TERM
Topical term or geographic name as entry element Literature, Modern.
856 41 - ELECTRONIC LOCATION AND ACCESS
Materials specified Table of contents
Uniform Resource Identifier <a href="http://www.loc.gov/catdir/toc/cam023/91012689.html">http://www.loc.gov/catdir/toc/cam023/91012689.html</a>
856 42 - ELECTRONIC LOCATION AND ACCESS
Materials specified Publisher description
Uniform Resource Identifier <a href="http://www.loc.gov/catdir/description/cam024/91012689.html">http://www.loc.gov/catdir/description/cam024/91012689.html</a>
906 ## - LOCAL DATA ELEMENT F, LDF (RLIN)
a 7
b cbc
c orignew
d 1
e ocip
f 19
g y-gencatlg
942 ## - ADDED ENTRY ELEMENTS (KOHA)
Source of classification or shelving scheme
Koha item type Book

No items available.


Riara University Library,
P.O. Box 49940-00100,
Nairobi, Kenya.